Statistics for Arizona Cardinals Team Quiz

Click here to take the quiz!

General Stats

  • This quiz has been taken 61 times
  • The average score is 11 of 15

Answer Stats

HintAnswer% Correct
Current divisionNFC West
98%
Starting quarterbackKyler Murray
94%
All time receptions leaderLarry Fitzgerald
94%
Last Super Bowl appearance2008
90%
Team they lost to in the Super Bowl abovePittsburgh Steelers
90%
Division titles5
86%
Jersey number of player above11
84%
Current coachKliff Kingsbury
78%
Place Cardinals played before St LouisChicago
70%
Team location (city proper)Glendale
68%
Year founded1898
58%
Year Cardinals moved from St Louis to Arizona1988
58%
Coach with most wins (50)Bruce Arians
58%
Stadium NameState Farm Stadium
56%
First ever nameMorgan Athletic Club
14%

Score Distribution

Percentile by Number Answered

Percent of People with Each Score

Your Score History

You have not taken this quiz